=LDR 00000nam 2200000 4500 =001 INLIS000000000036312 =005 20130612142116 =008 ***********************************Ind** =035 ##$$0010-061300000036312 =041 ##$$a Ind =082 ##$$a 741.5 =090 ##$$a 741.5, Niz, Ellen Stum =100 ##$$a Niz, Ellen Stum =245 ##$$a Komik sains penciptaan dan penemuan philo farnswort dan televisi, Ellen Strum Niz ; alihh bahasa, Antonius Tri =260 ##$$a 2009 $b Jakarta =300 ##$$a 31 hlm, ilus, 25 cm =650 ##$$a Komik Bacaan =850 ##$$a NBPNMAT